Sports Quiz

Random Sports Quiz

La Liga Promoting and Relegating Clubs 1980-2018 Quiz Stats

 Plays Quiz not verified by Sporcle

Challenge
Share
Tweet
Embed
Score 0/232 Timer 15:00
0 Plays Today
Season Relegated/Promoted % Correct
2017-18 RelegatedMalaga
97.1%
2016-17 PromotedLevante
95.6%
2011-12 PromotedDeportivo
95.5%
2012-13 RelegatedDeportivo
95.5%
2013-14 PromotedDeportivo
95.5%
2010-11 RelegatedDeportivo
95%
1990-91 PromotedDeportivo
94.8%
2016-17 PromotedGetafe
94.7%
2017-18 RelegatedDeportivo
94.3%
2017-18 PromotedValladolid
94.3%
2014-15 PromotedBetis
93.4%
1990-91 RelegatedBetis
93.3%
1999-00 RelegatedBetis
93.3%
2008-09 RelegatedBetis
93.3%
2013-14 RelegatedBetis
93.1%
1988-89 RelegatedBetis
93.1%
1989-90 PromotedBetis
93%
1993-94 PromotedBetis
93%
2000-01 PromotedBetis
93%
2010-11 PromotedBetis
93%
2015-16 RelegatedGetafe
92.6%
1985-86 RelegatedValencia
92.6%
1986-87 PromotedValencia
92.6%
1996-97 RelegatedSevilla
92%
1999-00 RelegatedSevilla
92%
1998-99 PromotedSevilla
91.9%
2000-01 PromotedSevilla
91.9%
2017-18 RelegatedLas Palmas
91.4%
2006-07 RelegatedReal Sociedad
91.4%
2014-15 PromotedLas Palmas
91.3%
1982-83 RelegatedLas Palmas
91.2%
1980-81 RelegatedLas Palmas
91.2%
1984-85 PromotedLas Palmas
91.2%
1987-88 RelegatedLas Palmas
91.2%
2009-10 PromotedReal Sociedad
91.2%
1999-00 RelegatedAtletico
90.6%
2001-02 PromotedAtletico
90.5%
1981-82 PromotedMalaga
90.2%
1979-80 RelegatedMalaga
90.2%
1984-85 RelegatedMalaga
90.2%
1987-88 PromotedMalaga
90.2%
2011-12 PromotedCelta
89.4%
2011-12 RelegatedVillarreal
88.9%
2012-13 PromotedVillarreal
88.9%
1998-99 RelegatedVillarreal
88.8%
1989-90 RelegatedMalaga
88.6%
1989-90 RelegatedCelta
88.6%
2003-04 RelegatedCelta
88.6%
2005-06 RelegatedMalaga
88.6%
2006-07 RelegatedCelta
88.6%
1997-98 PromotedVillarreal
88.6%
1999-00 PromotedVillarreal
88.6%
2012-13 RelegatedMallorca
88.6%
1989-89 PromotedMallorca
88.6%
1983-84 RelegatedMallorca
88.6%
1982-83 PromotedMallorca
88.6%
1985-86 PromotedMallorca
88.6%
1987-88 RelegatedMallorca
88.6%
2017-18 PromotedRayo
88.6%
2017-18 PromotedHuesca
88.6%
1991-92 RelegatedMallorca
88.5%
1991-92 PromotedCelta
88.4%
1998-99 PromotedMalaga
88.4%
2003-04 PromotedGetafe
88.4%
2004-05 PromotedCelta
88.4%
2007-08 PromotedMalaga
88.4%
1979-80 PromotedOsasuna
88.3%
2015-16 PromotedOsasuna
88.3%
1996-97 PromotedMallorca
88.3%
1981-82 PromotedCelta
88.1%
1982-83 RelegatedCelta
88.1%
1985-86 RelegatedCelta
88.1%
1984-85 PromotedCelta
88.1%
1986-87 PromotedCelta
88.1%
2016-17 PromotedGirona
87.6%
1988-89 RelegatedEspanyol
87.3%
2015-16 RelegatedRayo
87%
2013-14 RelegatedOsasuna
86.6%
Season Relegated/Promoted % Correct
1979-80 RelegatedRayo
86.5%
1989-89 PromotedRayo
86.5%
2015-16 RelegatedLevante
86.4%
1989-89 PromotedTenerife
85.9%
1989-90 PromotedEspanyol
85.8%
1992-93 RelegatedEspanyol
85.7%
1993-94 PromotedEspanyol
85.6%
2013-14 PromotedEibar
85.4%
1993-94 RelegatedOsasuna
84.7%
1999-00 PromotedOsasuna
84.4%
1993-94 RelegatedRayo
84.3%
1996-97 RelegatedRayo
84.3%
2002-03 RelegatedRayo
84.3%
1994-95 PromotedRayo
84.2%
2004-05 RelegatedLevante
84.2%
2007-08 RelegatedLevante
84.2%
2001-02 RelegatedZaragoza
84.1%
2007-08 RelegatedZaragoza
84.1%
1989-90 RelegatedRayo
84.1%
1991-92 PromotedRayo
84.1%
1998-99 PromotedRayo
84.1%
2010-11 PromotedRayo
84.1%
2016-17 RelegatedSporting
84.1%
2016-17 RelegatedOsasuna
84.1%
2005-06 PromotedLevante
84%
2009-10 PromotedLevante
84%
2003-04 PromotedLevante
84%
2012-13 RelegatedZaragoza
83.9%
2002-03 PromotedZaragoza
83.8%
2008-09 PromotedZaragoza
83.8%
2015-16 PromotedAlaves
82.3%
1983-84 PromotedRacing
82.2%
1982-83 RelegatedRacing
82.2%
1980-81 PromotedRacing
82.2%
1986-87 RelegatedRacing
82.2%
1979-80 PromotedValladolid
82%
2014-15 PromotedSporting
81.6%
1998-99 RelegatedTenerife
81.3%
2001-02 RelegatedTenerife
81.3%
2009-10 RelegatedTenerife
81.3%
2001-02 RelegatedLas Palmas
81%
2000-01 PromotedTenerife
81%
2008-09 PromotedTenerife
81%
1999-00 PromotedLas Palmas
80.8%
2011-12 RelegatedRacing
80.2%
2011-12 PromotedValladolid
80%
2013-14 RelegatedValladolid
80%
2014-15 RelegatedElche
79.8%
2011-12 RelegatedSporting
79.7%
2016-17 RelegatedGranada
79.6%
1983-84 PromotedElche
79.6%
1984-85 RelegatedElche
79.6%
1987-88 PromotedElche
79.6%
1988-89 RelegatedElche
79.6%
2012-13 PromotedElche
79.4%
2000-01 RelegatedRacing
78.6%
2015-16 PromotedLeganes
78.6%
2010-11 PromotedGranada
78.5%
1992-93 PromotedRacing
78.4%
2001-02 PromotedRacing
78.4%
1991-92 RelegatedValladolid
77.6%
2003-04 RelegatedValladolid
77.6%
2009-10 RelegatedValladolid
77.6%
1992-93 PromotedValladolid
77.3%
2006-07 PromotedValladolid
77.3%
1997-98 RelegatedSporting
76.9%
2007-08 PromotedSporting
76.6%
1987-88 PromotedOviedo
75.1%
1983-84 PromotedHercules
74.3%
1981-82 RelegatedHercules
74.3%
1985-86 RelegatedHercules
74.3%
2014-15 RelegatedAlmeria
73.4%
1980-81 RelegatedAlmeria
72.9%
2002-03 RelegatedAlaves
72.9%
2005-06 RelegatedAlaves
72.9%
1997-98 PromotedAlaves
72.7%
2004-05 PromotedAlaves
72.7%
2012-13 PromotedAlmeria
72.7%
Season Relegated/Promoted % Correct
1982-83 PromotedMurcia
72.4%
1979-80 PromotedMurcia
72.4%
1985-86 PromotedMurcia
72.4%
1984-85 RelegatedMurcia
72.4%
1988-89 RelegatedMurcia
72.4%
2013-14 PromotedCordoba
71.6%
1996-97 RelegatedHercules
71.6%
2010-11 RelegatedHercules
71.6%
2010-11 RelegatedAlmeria
71.6%
1995-96 PromotedHercules
71.4%
2006-07 PromotedAlmeria
71.4%
2009-10 PromotedHercules
71.4%
2014-15 RelegatedCordoba
70.8%
1983-84 RelegatedCadiz
69.8%
1982-83 PromotedCadiz
69.8%
1981-82 RelegatedCadiz
69.8%
1980-81 PromotedCadiz
69.8%
1984-85 PromotedCadiz
69.8%
2000-01 RelegatedOviedo
68.1%
2003-04 RelegatedMurcia
67.2%
2007-08 RelegatedMurcia
67.2%
2006-07 PromotedMurcia
67%
2002-03 PromotedMurcia
67%
2000-01 RelegatedNumancia
65.2%
2004-05 RelegatedNumancia
65.2%
2008-09 RelegatedNumancia
65.2%
1998-99 PromotedNumancia
65.1%
2003-04 PromotedNumancia
65.1%
2007-08 PromotedNumancia
65.1%
1992-93 RelegatedCadiz
64.8%
2005-06 RelegatedCadiz
64.8%
1995-96 RelegatedAlbacete
64.7%
2004-05 RelegatedAlbacete
64.7%
2004-05 PromotedCadiz
64.7%
1990-91 PromotedAlbacete
64.4%
2002-03 PromotedAlbacete
64.4%
2009-10 RelegatedXerez
64%
2008-09 PromotedXerez
63.8%
2002-03 RelegatedRecreativo
61.2%
2008-09 RelegatedRecreativo
61.2%
2001-02 PromotedRecreativo
60.9%
2005-06 PromotedRecreativo
60.9%
1983-84 RelegatedSalamanca
57.8%
1981-82 PromotedSalamanca
57.8%
1980-81 RelegatedSalamanca
57.8%
2006-07 RelegatedGimnastic
54.9%
2005-06 PromotedGimnastic
54.8%
1995-96 RelegatedSalamanca
54%
1998-99 RelegatedSalamanca
54%
1994-95 PromotedSalamanca
53.7%
1996-97 PromotedSalamanca
53.7%
1997-98 RelegatedCompostela
46.3%
1993-94 PromotedCompostela
46%
1981-82 RelegatedCastellon
44.8%
1980-81 PromotedCastellon
44.8%
1989-89 PromotedCastellon
44.8%
1979-80 RelegatedBurgos
44.3%
1996-97 RelegatedExtremadura
44%
1998-99 RelegatedExtremadura
44%
1995-96 PromotedExtremadura
43.7%
1997-98 PromotedExtremadura
43.7%
1986-87 PromotedLogrones
43%
1996-97 RelegatedLogrones
37.4%
1994-95 RelegatedLogrones
37.3%
1995-96 PromotedLogrones
37.2%
1992-93 RelegatedBurgos
37%
1989-90 PromotedBurgos
36.7%
1985-86 PromotedSabadell
36.3%
1987-88 RelegatedSabadell
36.3%
1990-91 RelegatedCastellon
34.3%
1995-96 RelegatedMerida
34%
1997-98 RelegatedMerida
34%
1994-95 PromotedMerida
33.7%
1996-97 PromotedMerida
33.7%
1993-94 RelegatedLleida
32.1%
1992-93 PromotedLleida
31.9%

You're not logged in!

Compare scores with friends on all Sporcle quizzes.
Join for Free
OR
Log In

You Might Also Like...

Show Comments

Extras

Top Quizzes Today


Score Distribution

Your Account Isn't Verified!

In order to create a playlist on Sporcle, you need to verify the email address you used during registration. Go to your Sporcle Settings to finish the process.

Report this User

Report this user for behavior that violates our Community Guidelines.

Details: